| Tag |
First Indicator |
Second Indicator |
Subfields |
| LEADER |
00000cam a2200000 a 4500 |
| 001 |
in00000088993 |
| 005 |
20151008063347.0 |
| 008 |
800418s1980 pauab b 00010 eng d |
| 035 |
|
|
|a (OCoLC)06218542
|
| 035 |
|
|
|9 AAK2082AM
|
| 040 |
|
|
|a PIT
|c PIT
|d m.c.
|d TXA
|d UtOrBLW
|
| 043 |
|
|
|a a-ph---
|
| 049 |
|
|
|a TXAM
|c [1803969]
|
| 090 |
|
|
|a SH307.P5
|b S7
|
| 100 |
1 |
|
|a Spoehr, Alexander,
|d 1913-1992.
|
| 245 |
1 |
0 |
|a Protein from the sea :
|b technological change in Philippine capture fisheries /
|c Alexander Spoehr.
|
| 264 |
|
1 |
|a Pittsburgh, Pa. :
|b Department of Anthropology, University of Pittsburgh,
|c 1980.
|
| 300 |
|
|
|a xi, 224 pages :
|b illustrations, maps ;
|c 23 cm.
|
| 336 |
|
|
|a text
|b txt
|2 rdacontent
|
| 337 |
|
|
|a unmediated
|b n
|2 rdamedia
|
| 338 |
|
|
|a volume
|b nc
|2 rdacarrier
|
| 490 |
1 |
|
|a Ethnology monographs ;
|v no.3
|
| 504 |
|
|
|a Bibliography: pages 221-224.
|
| 650 |
|
0 |
|a Fisheries
|z Philippines
|z Visayan Islands.
|
| 650 |
|
0 |
|a Ethnology
|z Philippines
|z Visayan Islands.
|
| 830 |
|
0 |
|a Ethnology monographs ;
|v no. 3.
|
| 999 |
|
|
|a MARS
|
| 999 |
f |
f |
|s bfe23b06-9ee0-3ee9-baac-d33929374fc4
|i 8f181b77-8559-3d9b-8924-49cb1c58ebf4
|t 0
|
| 952 |
f |
f |
|p ric
|a Texas A&M University
|b Rellis Campus
|c Joint Library Facility
|d Remote Storage
|t 0
|e SH307.P5 S7
|h Library of Congress classification
|i unmediated -- volume
|m A14806239206
|
| 998 |
f |
f |
|a SH307.P5 S7
|t 0
|l Remote Storage
|